Name a valid country Part 2 - Statistics

General Stats
  • This quiz has been taken 41 times
  • The average score is 4 of 15
Answer Stats
Hint Answer % Correct
With an average yearly temperature less than 5 degree celsius Tajikistan, Sweden, Kyrgyzstan, Finland, Norway, Iceland, Mongolia, Russia, Canada
67%
In South America and doesn’t border Brazil Ecuador, Chile
64%
Bordering both Germany and France Switzerland, Luxembourg, Belgium
55%
With more than 10000 islands Indonesia, United States, Canada, Finland, Norway, Sweden
48%
With a population density over 1000 Bangladesh, Vatican City, Malta, Maldives, Bahrain, Singapore, Monaco
39%
Without muslims Japan, Laos, Bhutan, Armenia, North Korea
36%
That have majority hinduisms India, Nepal
33%
With land area in the sahara desert Mauritania, Sudan, Tunisia, Egypt, Algeria, Chad, Niger, Libya, Morocco, Mali
30%
With a life expectancy less than 59 years Eswatini, Somalia, South Sudan, Central African Republic, Lesotho, Nigeria, Chad
18%
With more than 1 capital Bolivia, South Africa, Benin, Sri Lanka
15%
That are completely surrounded by another country San Marino, Vatican City, Lesotho, Andorra
15%
That has everyone in the country having one religion Vatican City, Maldives
12%
That earned 17 overseas territories France, United Kingdom
9%
With hockey as the most popular sport Czech Republic, Slovakia, Finland, Canada, Latvia
6%
With a literacy rate 100% Norway, Liechtenstein, North Korea, Finland, Ukraine, Andorra, Luxembourg, Uzbekistan
0%
No matching quizzes found
Score Distribution
Percent of People with Each Score
Percentile by Number Answered
Your Score History
You have not taken this quiz